00000000nam##2200000za#4500
0019.662496
003CaOODSP
00520210615120603
007ta
008150407|2001||||xxc|||||     f|0| 0 fre|d
020 |a0-662-65472-2
040 |aCaOODSP|bfre
041 |aeng
041 |afre
043 |an-cn---
0861 |aFA3-27/2001
1101 |aCanada. |bBureau du vérificateur général.
24513|aLa réforme de la gestion de la fonction publique : |bprogrès, échecs et défis
260 |aOttawa - Ontario : |bBureau du vérificateur général du Canada |c2001.
300 |aTexte français, v, 69p. En pagination multiple. : |bgraphiques, tableaux ; |c28 cm.
546 |aBilingue
563 |aCouverture souple
590 |a01-12|b2001-03-23
69107|aFonction publique|2gcpds
69107|aAdministration publique|2gcpds
69107|aGestion|2gcpds
7760#|tLa réforme de la gestion de la fonction publique : |w(CaOODSP)9.640053
7760#|tPublic service management reform : |w(CaOODSP)9.695933
791 |tPublic Service management reform : |eeng|w(CaOODSP)9.662495